Structure and interpretation of classical mechanics
Αποθηκεύτηκε σε:
| Κύριοι συγγραφείς: | , |
|---|---|
| Μορφή: | Βιβλίο |
| Γλώσσα: | English |
| Δημοσίευση: |
Cambridge ; Massachusetts:
The MIT Press,
c2014.
|
| Έκδοση: | 2η εκδ. |
| Θέματα: | |
| Ετικέτες: |
Προσθήκη ετικέτας
Δεν υπάρχουν, Καταχωρήστε ετικέτα πρώτοι!
|
MARC
| LEADER | 00000nam a2200000 a 4500 | ||
|---|---|---|---|
| 001 | 1/109897 | ||
| 008 | 160211t2014####mau| ||| |||||||eng|| | ||
| 020 | |a 9780262028967 | ||
| 040 | |a GR-MyUa |b gre |c GR-MyUa |e AACR2 | ||
| 041 | 0 | |a eng | |
| 082 | 7 | |a 531 |2 (23) | |
| 100 | 1 | |a Sussman, Gerald Jay. | |
| 245 | 1 | 0 | |a Structure and interpretation of classical mechanics / |c Gerald Jay Sussman and Jack Wisdom. |
| 250 | |a 2η εκδ. | ||
| 260 | |a Cambridge ; Massachusetts: |b The MIT Press, |c c2014. | ||
| 300 | |a xxi, 554 σ. : |b σχέδια ; |c 24 εκ. | ||
| 504 | |a Βιβλιογραφία: σ. [525]-527. Ευρετήριο. | ||
| 650 | 0 | |a Mechanics. | |
| 700 | 1 | |a Wisdom Jack, |e aut | |
| 852 | |a INST |b SAMOS |e 20160211 |h 531 SUS |p 005300043327 |q 005300043327 |t BK |y 0 | ||
| 922 | |a 3ΕΛΗ |b 201601 |c Τμήμα Μαθηματικών/Μεταπτυχιακό |d Διαδρομές | ||
| 970 | |a Κοσιέρης |b Χρήστος |z 11-02-2016 | ||